000 00796nam a2200253 i 4500
003 DO-SdBNP
005 20260318090331.0
007 ta
008 260311b2021 dr ||||| |||| 00| 0 spa d
020 _a9789945931730
040 _aDO-SdBNP
_bspa
_cBNPHU
_erda
041 _aspa
082 4 _axxx
_bxxx
_222
100 _aAlmánzar, Ling,
_eautor
_4aut.
_989179
245 1 0 _aManolo :
_bla ilusión heroíca /
_cLing Almánzar ; prólogo, Tony Raful Tejada
264 4 _aSanto Domingo :
_bOcéano Azul Ediciones,
_c©2021.
300 _a147 páginas ;
_c22 cm.
336 _atexto
_btxt
_2rdacontent
337 _asin mediación
_bn
_2rdamedia
338 _avolumen
_bnc
_2rdacarrier
590 _aInventariado, 2026/BT
700 1 _aRaful Tejada, Tony,
_eprologuista
_4pr.
_989180
942 _2ddc
_cLBS1
999 _c60485
_d60485